Marketing a vedeckotechnický rozvoj : Zborník referátov z 1.celoštátneho sympózia : Konf. Podbanské,hotel Kriváň. 25.-27.apríla 1989

Enregistré dans:
Détails bibliographiques
Format: Livre
Langue:slovaque
Publié: Košice : Dom techniky ČSVTS, 1989
Sujets:
Tags: Ajouter un tag
Pas de tags, Soyez le premier à ajouter un tag!

MARC

LEADER 00000nam a22000003a 4500
001 stu38965
005 20150408180700.9
008 921203s1989----cs------------------slo-d
040 |a STU  |b slo 
041 0 |a slo 
044 |a cs 
080 |a 658.8 
080 |a 301.15 
080 |a 62(082) 
245 |a Marketing a vedeckotechnický rozvoj :  |b Zborník referátov z 1.celoštátneho sympózia : Konf. Podbanské,hotel Kriváň. 25.-27.apríla 1989 
260 |a Košice :  |b Dom techniky ČSVTS,  |c 1989 
300 |a 155 s 
650 7 |a marketing  |2 estusub 
650 7 |a zborníky  |2 stusub 
650 7 |a VTR  |2 stusub 
996 |b MZ 232  |c M*Z-232  |l MMKN  |s A  |a 24  |w stu38965_0001